| 000 | 01639cam a2200373 i 4500 | ||
|---|---|---|---|
| 999 |
_c11260 _d11260 |
||
| 001 | 18067098 | ||
| 003 | GZU | ||
| 005 | 20240408114001.0 | ||
| 008 | 140313s2014 mou a bf 001 0 eng | ||
| 010 | _a 2013372078 | ||
| 020 | _a9780323083836 (pbk) | ||
| 022 | _aNo number | ||
| 040 |
_aDLC _beng _cDLC _erda _dDLC |
||
| 042 | _apcc | ||
| 050 | 0 | 0 |
_aRT51 _bPER 2014 |
| 082 | 0 | 0 |
_a610.73 _223 |
| 100 | 1 | _aPerry, Anne Griffin. | |
| 245 | 1 | 0 |
_aClinical nursing skills & techniques/ _cAnne Griffin Perry |
| 250 |
_aEighth edition _bAnne Griffin Perry, RN, MSN, EdD, FAAN, Associate Dean and Professor, School of Nursing, Southern Illinois University--Edwardsville, Edwardsville, Illinois, Patricia A. Potter, RN, MSN, PhD, FAAN, Director of Research, Patient Care Services, Barnes-Jewish Hospital, St. Louis, Missouri, Wendy R. Ostendorf, RN, MS, EdD, CNE, Associate Professor of Nursing, Neuman University, Aston, Pennsylvania. |
||
| 264 | 1 |
_aSt. Louis, Missouri: _bElsevier, _c[2014] |
|
| 300 |
_axviii, 1196 pages: _bcolor illustrations; _c28 cm |
||
| 336 |
_atext _btxt _2rdacontent |
||
| 337 |
_aunmediated _bn _2rdamedia |
||
| 338 |
_avolume _bnc _2rdacarrier |
||
| 504 | _aIncludes bibliographical references and index. | ||
| 505 | _tClinical nursing skills and techniques | ||
| 520 | _aSupporting the patient through the health care system | ||
| 650 | 0 |
_aNursing _vHandbooks, manuals, etc. |
|
| 700 | 1 | _aPotter, Patricia Ann. | |
| 700 | 1 | _aOstendorf, Wendy. | |
| 906 |
_a7 _bcbc _corignew _d2 _encip _f20 _gy-gencatlg |
||
| 942 |
_2lcc _cBK _eEighth edition _h51 _iPER _kRT |
||